A guide to the churches and chapels of Wales /

Bibliographic Details
Other Authors: Wooding, Jonathan M., Yates, Nigel
Format: Book
Language:English
Published: Cardiff : University of Wales Press, 2011.
Subjects:

MARC

Tag First Indicator Second Indicator Subfields
LEADER 00000cam a2200000 a 4500
001 in00002729068
005 20151202143623.0
008 080425s2011 wlkaf b 001 0 eng d
020 |a 9780708321188 (pbk.) 
020 |a 0708321186 (pbk.) 
035 |a (OCoLC)ocn751780116 
040 |a CUT  |c CUT  |d MIX  |d TXA  |d UtOrBLW 
043 |a e-uk-wl 
049 |a TXAM 
082 0 |a 726.509429  |2 22 
090 |a NA5492  |b .G85 2011 
245 0 2 |a A guide to the churches and chapels of Wales /  |c edited by Jonathan M. Wooding and Nigel Yates. 
264 1 |a Cardiff :  |b University of Wales Press,  |c 2011. 
300 |a xi, 228 pages, 8 unnumbered pages of color plates :  |b illustrations ;  |c 24 cm. 
336 |a text  |b txt  |2 rdacontent 
337 |a unmediated  |b n  |2 rdamedia 
338 |a volume  |b nc  |2 rdacarrier 
504 |a Includes bibliographical references (pages [193]-194) and index. 
650 0 |a Church buildings  |z Wales  |v Guidebooks. 
650 0 |a Church architecture  |z Wales. 
650 0 |a Chapels  |z Wales  |v Guidebooks. 
651 0 |a Wales  |x Church history. 
700 1 |a Wooding, Jonathan M. 
700 1 |a Yates, Nigel. 
945 |a PromptCat 
948 |a cataloged  |b h  |c 2011/10/17  |d c  |e dmitchel  |f 8:30:20 am 
994 |a C0  |b TXA 
999 |a MARS 
999 f f |s 8ab56c08-1924-3acb-9bbe-4c8d449dfe93  |i a3e73e4f-191a-35b6-868f-597a6e9fbe2d  |t 0 
952 f f |p normal  |a Texas A&M University  |b College Station  |c Sterling C. Evans Library  |d Evans: Library Stacks  |t 0  |e NA5492 .G85 2011  |h Library of Congress classification  |i unmediated -- volume  |m A14840464877 
998 f f |a NA5492 .G85 2011  |t 0  |l Evans: Library Stacks